The new Catholic answer Bible : (Record no. 31384)

000 -LEADER
fixed length control field 00713nam a2200169 4500
008 - FIXED-LENGTH DATA ELEMENTS--GENERAL INFORMATION
fixed length control field 220303b |||||||| |||| 00| 0 eng d
020 ## - INTERNATIONAL STANDARD BOOK NUMBER
International Standard Book Number 9781556654770
020 ## - INTERNATIONAL STANDARD BOOK NUMBER
International Standard Book Number 9781592761869
050 ## - LIBRARY OF CONGRESS CALL NUMBER
Classification number BS192.3
Item number .C38 2011
245 ## - TITLE STATEMENT
Title The new Catholic answer Bible :
Remainder of title translated from the original language with critical use of all the ancient sources/
Statement of responsibility, etc. with inserts by Paul Thigpen and Dave Armstrong.
250 ## - EDITION STATEMENT
Remainder of edition statement Rev. edition
260 ## - PUBLICATION, DISTRIBUTION, ETC. (IMPRINT)
Place of publication, distribution, etc. Huntington, Indiana :
Name of publisher, distributor, etc. Our Sunday Visitor, Inc.,
Date of publication, distribution, etc. ©2011.
300 ## - PHYSICAL DESCRIPTION
Extent xxxiii, 1134, 400 p. :
Other physical details color ill. ;
Dimensions 23 cm
650 ## - SUBJECT ADDED ENTRY--TOPICAL TERM
Topical term or geographic name as entry element Bible
General subdivision Reference editions.
650 ## - SUBJECT ADDED ENTRY--TOPICAL TERM
Topical term or geographic name as entry element Bible
General subdivision Catholic literature.
942 ## - ADDED ENTRY ELEMENTS (KOHA)
Source of classification or shelving scheme
Classification part BS192.3 .C38 2011
Koha item type Reference Material
Holdings
Withdrawn status Lost status Source of classification or shelving scheme Damaged status Not for loan Home library Current library Shelving location Date acquired Source of acquisition Cost, normal purchase price Total Checkouts Full call number Barcode Date last seen Price effective from Koha item type
          MACHAKOS UNIVERSITY LIBRARY MACHAKOS UNIVERSITY LIBRARY Reference 03/03/2022 Donation- Damaris Kimanzi 4675.00   BS192.3 .C38 2011 39058 03/03/2022 03/03/2022 Reference Material
© Machakos University Library, Along The Highway, Machakos Wote Rd, Machakos, Kenya P.O. Box 136 - 90100 Machakos - Kenya

Tel: ( +254 ) 723 805829 OR Fax : 044-20353 OR Email: library@mksu.ac.ke